Najdôležitejšie zmeny nového katastrálneho zákona platné od 1.7.2015

Nový katastrálny zákon platný od 1.7.2015 prinesie úpravu na úseku katastra, zavedie evidenciu cien nehnuteľností, zjednoduší prístup k výpisom z katastra, umožní používanie elektronických výpisov z katastra v praxi.

Enregistré dans:
Détails bibliographiques
Auteur principal: Brindzová, Zuzana
Format: Chapitre de livre
Langue:slovaque
Sujets:
Tags: Ajouter un tag
Pas de tags, Soyez le premier à ajouter un tag!

MARC

LEADER 00000nla a2200000 4500
001 0195823
005 20240502073307.6
041 0 |a slo 
044 |a SK 
245 1 0 |a Najdôležitejšie zmeny nového katastrálneho zákona platné od 1.7.2015  |c Zuzana Brindzová 
520 |a Nový katastrálny zákon platný od 1.7.2015 prinesie úpravu na úseku katastra, zavedie evidenciu cien nehnuteľností, zjednoduší prístup k výpisom z katastra, umožní používanie elektronických výpisov z katastra v praxi. 
610 2 0 |a zákony 
610 2 0 |a kataster nehnuteľností 
610 2 0 |a ceny 
610 2 0 |a nehnuteľnosti 
610 2 0 |a systémy informačné 
610 2 0 |a poplatky 
610 2 0 |a Slovensko 
100 1 |a Brindzová, Zuzana